Cesty zdokonalování mzdové regulace v obchodě

Gespeichert in:
Bibliographische Detailangaben
1. Verfasser: Mareš, Zbyněk
Format: Buch
Sprache:Tschechisch
Veröffentlicht: Praha Výzkumný ústav obchodu 1990
Schriftenreihe:Knižnice VÚO 244
Tags: Tag hinzufügen
Keine Tags, Fügen Sie das erste Tag hinzu!

MARC

LEADER 00000nam a2200000 4500
001 c036629
005 20251110131946.7
041 0 |a cze 
044 |a CZ 
245 1 0 |a Cesty zdokonalování mzdové regulace v obchodě  |c Zbyněk Mareš 
264 1 |a Praha  |b Výzkumný ústav obchodu  |c 1990 
300 |a 29 s. 
490 1 |a Knižnice VÚO  |v 244 
830 0 |a Knižnice VÚO  |v 244 
100 1 |a Mareš, Zbyněk